Gītā pravacana Gītā vyākhyāna mālā. (Record no. 61844)

MARC details
000 -LEADER
fixed length control field 00774cam a22002651 4500
001 - CONTROL NUMBER
control field sa 65000971
003 - CONTROL NUMBER IDENTIFIER
control field DLC
005 - DATE AND TIME OF LATEST TRANSACTION
control field 20260227112106.0
008 - FIXED-LENGTH DATA ELEMENTS--GENERAL INFORMATION
fixed length control field 890509m19629999ii c 000 0 hino
010 ## - LIBRARY OF CONGRESS CONTROL NUMBER
LC control number sa 65000971
035 ## - SYSTEM CONTROL NUMBER
System control number (OCoLC)19683385
040 ## - CATALOGING SOURCE
Original cataloging agency DLC
Transcribing agency WaU
Modifying agency DLC
042 ## - AUTHENTICATION CODE
Authentication code premarc
050 00 - LIBRARY OF CONGRESS CALL NUMBER
Classification number BL1130
Item number .C474
100 1# - MAIN ENTRY--PERSONAL NAME
Personal name Chaturvedi, Giridhar Sharma,
Dates associated with a name 1881-1966.
245 10 - TITLE STATEMENT
Title Gītā pravacana Gītā vyākhyāna mālā.
Statement of responsibility, etc. General editor V. S. Agrawala.
250 ## - EDITION STATEMENT
Edition statement 1st ed.
260 ## - PUBLICATION, DISTRIBUTION, ETC.
Date of publication, distribution, etc. 1962-
300 ## - PHYSICAL DESCRIPTION
Extent v.
Other physical details ports.
Dimensions 26 cm.
440 #0 - SERIES STATEMENT/ADDED ENTRY--TITLE
Title Hindu Vishvavidyalaya Nepal Rajya Sanskrit series;
Volume/sequential designation v. 4
500 ## - GENERAL NOTE
General note In Hindi.
630 00 - SUBJECT ADDED ENTRY--UNIFORM TITLE
Uniform title Bhagavadgītā.
700 1# - ADDED ENTRY--PERSONAL NAME
Personal name Agrawala, Vasudeva Sharana.
740 0# - ADDED ENTRY--UNCONTROLLED RELATED/ANALYTICAL TITLE
Uncontrolled related/analytical title Srī Gītā pravacana mālā.

No items available.

Powered by Koha